000 ncm a22 a 4500
999 _c349606
_d349606
003 BLK
005 20230113125906.0
008 200326b bu |||||r|||| 00| | bu d
040 _aBLK
041 _aBUL
_cBUL
080 _aИнструментална музика
_b785
_z785(497.2)
_x(497.2)
100 _aВапорджиев, Кирил
_eпърви автор
_91299
139 _aВапорджиев, Кирил
_bВ 21
245 _aПалцова техника за виолончело
_bНотирана музика
_cКирил Вапорджиев
260 _9209548
_aСофия
_bНаука и изкуство
_c1972
300 _a102 с.
_c37 см
380 _a7
500 _a357 тир.
852 _aМ ІІ 6061
856 _i0.00
_ldisable
942 _cNOT
_n0
_s1
944 _aCR
_c2020-03-26
_l2020-03-26
999 _d349606
999 _d349606
999 _d349606
999 _d349604